Office management.

Сохранить в:
Библиографические подробности
Главный автор: Chopra,R.K
Другие авторы: Ankita Chopra
Формат:
Опубликовано: Mumbai., Himalaya Books PVT.LTD., c2008.
Редактирование:14d ed.
Серии:Office management
Предметы:
Метки: Добавить метку
Нет меток, Требуется 1-ая метка записи!

MARC

LEADER 00000cam a2200000u 4500
005 20260415162541.0
020 |a 9788184880465  |c 46,500/=TZS 
040 |a MCC   |b eng 
082 |a 651.3 CHO 
100 |a Chopra,R.K 
245 1 0 |a Office management.  |c R.K, Chopra, 
250 |a 14d ed. 
260 |a Mumbai.,  |b Himalaya Books PVT.LTD.,  |c c2008. 
300 |a 460P,  |b 1 illus.  |c 28 cm. 
440 |a Office management 
504 |a includes bibliographic refferences 
650 0 |a Sales management. 
700 |a Ankita Chopra 
942 |c BK 
999 |c 12654  |d 12654